LOH - Statistics

General Stats
  • This quiz has been taken 73 times
  • The average score is 19 of 31
Answer Stats
Hint Answer % Correct
2024 Paříž
93%
2021 Tokio
93%
2008 Peking
90%
2016 Rio de Janeiro
83%
1986 Athény
79%
2004 Athény
79%
1992 Barcelona
79%
2012 Londýn
79%
1980 Moskva
76%
2000 Sydney
76%
1996 Atlanta
72%
1936 Berlín
69%
1968 Mexiko
69%
1988 Soul
69%
1952 Helsinky
62%
1984 Los Angeles
62%
2028 Los Angeles
62%
1972 Mnichov
62%
1900 Paříž
62%
1960 Řím
62%
1976 Montreal
59%
1908 Londýn
55%
1964 Tokio
55%
1948 Londýn
52%
1956 Melbourne
52%
1920 Antverpy
34%
1924 Paříž
34%
1928 Amsterdam
31%
1912 Stockholm
31%
1932 Los Angeles
28%
1904 Saint Louis
28%
No matching quizzes found
Score Distribution
Percent of People with Each Score
Percentile by Number Answered
Your Score History
You have not taken this quiz